000 00430nam a2200181Ia 4500
008 210210b2019 xxu||||| |||| 00| 0 eng d
041 _aeng
082 _a332.4 BHAM
100 _aBHAT (Lakshminarayajna A)
245 _aMoney and public finance
260 _aMangaluru
_bJnana deep publications
_c2019
300 _a220
650 _apublic
650 _aMoney
650 _afinance
690 _aMoney
906 _a073896
999 _c123621
_d123621